000 00340nam a2200133Ia 4500
008 230411s9999 xx 000 0 und d
041 _aeng
082 _aB/530/THA/B06571
100 _aThayalan K
245 _aBio Medical Physics for Nurses
260 _bJaypee Brothers
_aNew Delhi
_c2007
300 _a188p
999 _c156942
_d156942